Sports Quiz

Random Sports or NBA Quiz

Philadelphia 76ers Playoff Opponents Quiz Stats

 Plays Quiz not verified by Sporcle

Challenge
Share
Tweet
Embed
Score 0/89 Timer 12:00
0 Plays Today
Season/Round Opponent % Correct
2000-01 NBA FinalsLos Angeles Lakers
85.4%
2011-12 East SemifinalsBoston Celtics
80%
1982-83 NBA FinalsLos Angeles Lakers
79.2%
1984-85 East FinalsBoston Celtics
79.2%
2000-01 East FinalsMilwaukee Bucks
78.1%
1981-82 NBA FinalsLos Angeles Lakers
77.1%
1982-83 East SemifinalsNew York Knicks
76%
1990-91 East SemifinalsChicago Bulls
76%
2011-12 East First RoundChicago Bulls
74.3%
1966-67 East FinalsBoston Celtics
74%
1980-81 East FinalsBoston Celtics
74%
1967-68 East FinalsBoston Celtics
72.9%
1981-82 East FinalsBoston Celtics
72.9%
2000-01 East First RoundIndiana Pacers
72.9%
2000-01 East SemifinalsToronto Raptors
72.9%
2007-08 East First RoundDetroit Pistons
72.9%
2010-11 East First RoundMiami Heat
72.9%
1998-99 East SemifinalsIndiana Pacers
71.9%
2001-02 East First RoundBoston Celtics
71.9%
1979-80 NBA FinalsLos Angeles Lakers
70.8%
1982-83 East FinalsMilwaukee Bucks
70.8%
1968-69 East SemifinalsBoston Celtics
69.8%
1976-77 East SemifinalsBoston Celtics
69.8%
1979-80 East FinalsBoston Celtics
69.8%
1989-90 East SemifinalsChicago Bulls
69.8%
1986-87 East First RoundMilwaukee Bucks
68.8%
1998-99 East First RoundOrlando Magic
68.8%
1999-2000 East SemifinalsIndiana Pacers
68.8%
1967-68 East SemifinalsNew York Knicks
67.7%
1983-84 East First RoundNew Jersey Nets
67.7%
Season/Round Opponent % Correct
1984-85 East SemifinalsMilwaukee Bucks
67.7%
2002-03 East SemifinalsDetroit Pistons
67.7%
2008-09 East First RoundOrlando Magic
67.7%
1965-66 East FinalsBoston Celtics
66.7%
1966-67 NBA FinalsSan Francisco Warriors
66.7%
1977-78 East SemifinalsNew York Knicks
66.7%
1977-78 East FinalsWashington Bullets
66.7%
1985-86 East SemifinalsMilwaukee Bucks
66.7%
2004-05 East First RoundDetroit Pistons
66.7%
1956-57 East FinalsBoston Celtics
65.6%
1958-59 East FinalsBoston Celtics
65.6%
1988-89 East First RoundNew York Knicks
65.6%
1960-61 East FinalsBoston Celtics
64.6%
1964-65 East FinalsBoston Celtics
64.6%
1976-77 NBA FinalsPortland Trail Blazers
64.6%
1990-91 East First RoundMilwaukee Bucks
64.6%
1980-81 East SemifinalsMilwaukee Bucks
63.5%
1955-56 East SemifinalsBoston Celtics
62.5%
1949-50 NBA FinalsMinneapolis Lakers
61.5%
1952-53 East SemifinalsBoston Celtics
61.5%
1953-54 East Round-RobinNew York Knicks and Boston Celtics
61.5%
1954-55 East FinalsBoston Celtics
61.5%
1984-85 East First RoundWashington Bullets
61.5%
1953-54 East FinalsBoston Celtics
60.4%
1981-82 East SemifinalsMilwaukee Bucks
60.4%
1949-50 East FinalsNew York Knicks
59.4%
1955-56 East TiebreakerNew York Knicks
59.4%
1958-59 East SemifinalsNew York Knicks
59.4%
1950-51 East FinalsNew York Knicks
58.3%
1951-52 East FinalsNew York Knicks
58.3%
Season/Round Opponent % Correct
1989-90 East First RoundCleveland Cavaliers
58.3%
1999-2000 East First RoundCharlotte Hornets
58.3%
1953-54 NBA FinalsMinneapolis Lakers
57.3%
1969-70 East SemifinalsMilwaukee Bucks
57.3%
1985-86 East First RoundWashington Bullets
57.3%
1978-79 East First RoundNew Jersey Nets
56.3%
1981-82 East First RoundAtlanta Hawks
56.3%
2002-03 East First RoundNew Orleans Hornets
56.3%
1970-71 East SemifinalsBaltimore Bullets
55.2%
1979-80 East SemifinalsAtlanta Hawks
55.2%
1980-81 East First RoundIndiana Pacers
55.2%
1979-80 East First RoundWashington Bullets
54.2%
1949-50 East SemifnalsPhiladelphia Warriors
53.1%
1957-58 East SemifinalsPhiladelphia Warriors
52.1%
1950-51 East SemifinalsPhiladelphia Warriors
51%
1954-55 NBA FinalsFort Wayne Pistons
51%
1955-56 East FinalsPhiladelphia Warriors
51%
1959-60 East SemifinalsPhiladelphia Warriors
51%
1960-61 East SemifinalsPhiladelphia Warriors
51%
1978-79 East SemifinalsSan Antonio Spurs
51%
1961-62 East SemifinalsPhiladelphia Warriors
50%
1951-52 East SemifinalsPhiladelphia Warriors
49%
1956-57 East SemifinalsPhiladelphia Warriors
47.9%
1975-76 East First RoundBuffalo Braves
47.9%
1962-63 East SemifinalsCincinnati Royals
43.8%
1964-65 East SemifinalsCincinnati Royals
43.8%
1966-67 East SemifinalsCincinnati Royals
43.8%
1976-77 East FinalsHouston Rockets
43.8%
1963-64 East SemifinalsCincinnati Royals
41.7%

You're not logged in!

Compare scores with friends on all Sporcle quizzes.
Join for Free
OR
Log In

You Might Also Like...

Show Comments

Extras

Top Quizzes Today


Score Distribution

Your Account Isn't Verified!

In order to create a playlist on Sporcle, you need to verify the email address you used during registration. Go to your Sporcle Settings to finish the process.

Report this User

Report this user for behavior that violates our Community Guidelines.

Details: